000 00302nam a22001337a 4500
008 170621b xxu||||| |||| 00| 0 eng d
020 _a9781568024233
041 _aeng
080 _a327
100 _a20
101 _ashp
245 _aPRINCIPLES INTERNATIONAL POLITICS
_cBUENO.B
942 _2udc
_cBK
999 _c18367
_d18367